Nguyên lý Kinh tế học tập 1

Spremljeno u:
Bibliografski detalji
Format: Knjiga
Izdano: ĐH Tổng hợp Harvard 2003
Oznake: Dodaj oznaku
Bez oznaka, Budi prvi tko označuje ovaj zapis!
Thư viện lưu trữ: Mạng thư viện Đại học Đà Nẵng
LEADER 00436nam a22001691a 4500
001 000035825
003 12117
005 20160321110942.0
008 160321s2003 000
245 |a Nguyên lý Kinh tế học tập 1  |c ManKiw 
260 |a ĐH Tổng hợp Harvard  |c 2003 
OWN |a LNN 
999 |a From the UDN01 
TYP |a Monograph 
980 |a Mạng thư viện Đại học Đà Nẵng